[Event "Titled Tuesday intern op 31st May Early"]
[Site "Chess.com INT"]
[Date "2022.05.31"]
[Round "5"]
[White "Baker, Chris W"]
[Black "Dorokhin, Mykhailo"]
[Result "1-0"]
[WhiteElo "2272"]
[BlackElo "2357"]
[PlyCount "85"]
[EventDate "2022.05.31"]
[EventType "swiss (blitz)"]
[EventRounds "11"]
[EventCountry "USA"]
[SourceTitle "CBM 208 Extra"]
[Source "ChessBase"]
[SourceDate "2022.07.31"]
[SourceVersion "1"]
[SourceVersionDate "2022.07.31"]
[SourceQuality "1"]

1. e4 c6 2. d4 d5 3. Nd2 dxe4 4. Nxe4 Nf6 5. Nxf6+ gxf6 6. c3 h5 7. Bd3 h4 8. Qf3 Qd5 9. Be4 Qh5 10. Qxh5 Rxh5 11. h3 Bf5 12. Bxf5 Rxf5 13. Nf3 Rh5 14. Bf4 Nd7 15. 0-0-0 e6 16. Rhe1 0-0-0 17. Kc2 Nb6 18. a3 Nd5 19. Bh2 Bd6 20. Bxd6 Rxd6 21. Re4 Rd8 22. Rxh4 Rxh4 23. Nxh4 Rh8 24. g3 f5 25. Re1 Nf6 26. Kd3 Ne4 27. Re2 Kd7 28. c4 Kd6 29. b4 b5 30. cxb5 cxb5 31. Rc2 a6 32. Ke3 Kd7 33. Nf3 f6 34. h4 Nd6 35. Nd2 e5 36. dxe5 fxe5 37. Rc5 Ke6 38. Nf3 Nc4+ 39. Ke2 Nxa3 40. Rxe5+ Kf6 41. Rc5 Re8+ 42. Kf1 Nc2 43. Rxc2 1-0

[Event "Titled Tuesday intern op 31st May Early"]
[Site "Chess.com INT"]
[Date "2022.05.31"]
[Round "1"]
[White "Dorokhin, Mykhailo"]
[Black "Jaferian, Koosha"]
[Result "0-1"]
[WhiteElo "2357"]
[BlackElo "2218"]
[PlyCount "80"]
[EventDate "2022.05.31"]
[EventType "swiss (blitz)"]
[EventRounds "11"]
[EventCountry "USA"]
[SourceTitle "CBM 208 Extra"]
[Source "ChessBase"]
[SourceDate "2022.07.31"]
[SourceVersion "1"]
[SourceVersionDate "2022.07.31"]
[SourceQuality "1"]

1. d4 Nf6 2. Nc3 d5 3. Bf4 c5 4. e4 Nxe4 5. Nxe4 dxe4 6. dxc5 Qxd1+ 7. Rxd1 Nc6 8. Ne2 e5 9. Be3 f5 10. g3 Be6 11. a3 a5 12. Nc3 Kf7 13. Nb5 Be7 14. Nc7 Rad8 15. Rxd8 Rxd8 16. Nxe6 Kxe6 17. Bc4+ Kf6 18. h4 h6 19. h5 Nd4 20. Bxd4 exd4 21. b4 axb4 22. axb4 b6 23. Ke2 bxc5 24. bxc5 Bxc5 25. Ra1 Rd6 26. Ra5 Bb6 27. Ra8 Rc6 28. Bb3 d3+ 29. cxd3 exd3+ 30. Kxd3 Bxf2 31. Rf8+ Kg5 32. Rf7 g6 33. hxg6 Rxg6 34. Ke2 Bxg3 35. Bc2 Re6+ 36. Kf3 f4 37. Rg7+ Kh5 38. Be4 Rb6 39. Kg2 Rb2+ 40. Kh3 Rh2# 0-1

[Event "Titled Tuesday intern op 10th May Early"]
[Site "Chess.com INT"]
[Date "2022.05.10"]
[Round "4"]
[White "Dorokhin, Mykhailo"]
[Black "Liyanage, Ranindu Dilshan"]
[Result "0-1"]
[WhiteElo "2357"]
[BlackElo "2332"]
[PlyCount "48"]
[EventDate "2022.05.10"]
[EventType "swiss (blitz)"]
[EventRounds "11"]
[EventCountry "USA"]
[SourceTitle "CBM 208 Extra"]
[Source "ChessBase"]
[SourceDate "2022.07.31"]
[SourceVersion "1"]
[SourceVersionDate "2022.07.31"]
[SourceQuality "1"]

1. e4 e6 2. d4 d5 3. exd5 exd5 4. Nc3 Nf6 5. Bd3 c5 6. Bg5 c4 7. Be2 Be7 8. Nf3 Nc6 9. 0-0 h6 10. Bf4 0-0 11. Re1 Bf5 12. Qd2 Qb6 13. Rab1 Bb4 14. a3 Ne4 15. Qe3 Bxc3 16. bxc3 Qa5 17. Bxh6 gxh6 18. Qxh6 Qxc3 19. Rxb7 Nxd4 20. Kf1 Nxe2 21. Rxe2 Rab8 22. Rxb8 Rxb8 23. Re1 Qxc2 24. Qf4 Qxf2# 0-1

[Event "Titled Tuesday intern op 19th Apr Early"]
[Site "Chess.com INT"]
[Date "2022.04.19"]
[Round "5"]
[White "Dahlgren, James Allen"]
[Black "Dorokhin, Mykhailo"]
[Result "0-1"]
[WhiteElo "1858"]
[BlackElo "2340"]
[PlyCount "44"]
[EventDate "2022.04.19"]
[EventType "swiss (blitz)"]
[EventRounds "11"]
[EventCountry "USA"]
[SourceTitle "EXT 2023"]
[Source "ChessBase"]
[SourceDate "2022.10.05"]
[SourceVersion "1"]
[SourceVersionDate "2022.10.05"]
[SourceQuality "1"]

1. d3 d5 2. f4 Nf6 3. Nf3 h6 4. g3 Bf5 5. Bg2 c6 6. Nbd2 e6 7. 0-0 Be7 8. h3 0-0 9. Qe1 a5 10. e4 dxe4 11. dxe4 Bh7 12. Kh2 a4 13. a3 Na6 14. e5 Nd5 15. Ne4 Nc5 16. Nfd2 Qc7 17. c4 Nb6 18. Qe3 Nbd7 19. Qc3 Rfd8 20. Nxc5 Nxc5 21. Ne4 Nxe4 22. Bxe4 Bxe4 0-1

[Event "Titled Tuesday intern op 19th Apr Early"]
[Site "Chess.com INT"]
[Date "2022.04.19"]
[Round "1"]
[White "Dorokhin, Mykhailo"]
[Black "De Silva, LMST"]
[Result "0-1"]
[WhiteElo "2340"]
[BlackElo "2162"]
[PlyCount "134"]
[EventDate "2022.04.19"]
[EventType "swiss (blitz)"]
[EventRounds "11"]
[EventCountry "USA"]
[SourceTitle "EXT 2023"]
[Source "ChessBase"]
[SourceDate "2022.10.05"]
[SourceVersion "1"]
[SourceVersionDate "2022.10.05"]
[SourceQuality "1"]

1. d4 Nf6 2. Nf3 e6 3. Bf4 d5 4. e3 Bd6 5. c3 Bxf4 6. exf4 0-0 7. Bd3 Qd6 8. g3 b6 9. 0-0 Ba6 10. Bxa6 Nxa6 11. Qd3 Nb8 12. Nbd2 c5 13. a3 Nc6 14. b4 Rfc8 15. Rfc1 a5 16. dxc5 bxc5 17. b5 Ne7 18. a4 Qc7 19. h4 Ng6 20. Re1 Rd8 21. Kg2 Qxf4 22. Qxg6 Qxf3+ 23. Kxf3 hxg6 24. Nb3 Nd7 25. g4 Nb6 26. Nxc5 Rac8 27. Nb7 Rxc3+ 28. Re3 Rxe3+ 29. fxe3 Ra8 30. e4 d4 31. e5 Nd7 32. Ke4 Ra7 33. Nd8 Nc5+ 34. Kf4 d3 35. Ke3 Rd7 36. Nc6 Nxa4 37. Nxa5 Nc3 38. Nc4 Nxb5 39. Rd1 Rc7 40. Kxd3 Rd7+ 41. Kc2 Nd4+ 42. Kb2 Rb7+ 43. Kc3 Nf3 44. Ra1 Nxh4 45. Ra8+ Kh7 46. Kd4 Rd7+ 47. Ke4 g5 48. Ne3 Kg6 49. Rh8 f5+ 50. exf6 gxf6 51. Rg8+ Kf7 52. Rh8 Kg7 53. Re8 Rd6 54. Nc4 Ra6 55. Kd4 Kf7 56. Rh8 Ra4 57. Rh7+ Kg6 58. Rb7 f5 59. Rb6 Kf6 60. gxf5 Nxf5+ 61. Kd3 g4 62. Nd2 g3 63. Ne4+ Ke5 64. Rxe6+ Kxe6 65. Nc5+ Ke5 66. Nxa4 g2 67. Nc3 g1Q 0-1

[Event "Titled Tuesday intern op 07th Dec"]
[Site "Chess.com INT"]
[Date "2021.12.07"]
[Round "3"]
[White "Maksimovic, Bojan"]
[Black "Dorokhin, Mykhailo"]
[Result "1-0"]
[WhiteElo "2451"]
[BlackElo "2323"]
[PlyCount "49"]
[EventDate "2021.12.07"]
[EventType "swiss (blitz)"]
[EventRounds "11"]
[EventCountry "USA"]
[SourceTitle "CBM 205 Extra"]
[Source "ChessBase"]
[SourceDate "2022.01.31"]
[SourceVersion "1"]
[SourceVersionDate "2022.01.31"]
[SourceQuality "1"]

1. e4 c6 2. d4 d5 3. Nc3 dxe4 4. Nxe4 Nf6 5. Nxf6+ gxf6 6. c3 h5 7. Bd3 h4 8. h3 Qd5 9. Nf3 Bf5 10. 0-0 Bxd3 11. Qxd3 Nd7 12. c4 Qh5 13. Bf4 0-0-0 14. Qa3 e5 15. Qxa7 exf4 16. c5 Rg8 17. Kh1 Bh6 18. Rac1 Rxg2 19. Rc3 Rdg8 20. Rb3 Qf5 21. Qa8+ Nb8 22. Qxb7+ Kd8 23. Qxb8+ Ke7 24. Qd6+ Ke8 25. Rb8+ 1-0

[Event "Titled Tuesday intern op 23rd Nov"]
[Site "Chess.com INT"]
[Date "2021.11.23"]
[Round "3"]
[White "Dorokhin, Mykhailo"]
[Black "Gonzalez, Francisco Silva"]
[Result "1-0"]
[WhiteElo "2317"]
[BlackElo "2049"]
[PlyCount "57"]
[EventDate "2021.11.23"]
[EventType "swiss (blitz)"]
[EventRounds "11"]
[EventCountry "USA"]
[SourceTitle "CBM 205 Extra"]
[Source "ChessBase"]
[SourceDate "2022.01.31"]
[SourceVersion "1"]
[SourceVersionDate "2022.01.31"]
[SourceQuality "1"]

1. d4 Nf6 2. Nf3 d5 3. Bf4 c5 4. e3 Nc6 5. c3 Qb6 6. Qb3 c4 7. Qc2 Bf5 8. Qc1 Nh5 9. Be2 h6 10. 0-0 Rc8 11. Nbd2 Nxf4 12. exf4 Qc7 13. g3 e6 14. Bd1 Bd6 15. Bc2 Bxc2 16. Qxc2 g5 17. fxg5 hxg5 18. Nxg5 Ke7 19. f4 Rcg8 20. Ndf3 Bxf4 21. gxf4 Qxf4 22. Rae1 Rxg5+ 23. Nxg5 Qxg5+ 24. Kh1 Rh3 25. Qf2 Nd8 26. Rg1 Qh6 27. Rg3 Rh5 28. Re2 f5 29. Qf3 1-0

[Event "Titled Tuesday intern op 23rd Nov"]
[Site "Chess.com INT"]
[Date "2021.11.23"]
[Round "2"]
[White "Rodrigues Mota, Romulo Cardoso S"]
[Black "Dorokhin, Mykhailo"]
[Result "1-0"]
[WhiteElo "1916"]
[BlackElo "2317"]
[PlyCount "59"]
[EventDate "2021.11.23"]
[EventType "swiss (blitz)"]
[EventRounds "11"]
[EventCountry "USA"]
[SourceTitle "CBM 205 Extra"]
[Source "ChessBase"]
[SourceDate "2022.01.31"]
[SourceVersion "1"]
[SourceVersionDate "2022.01.31"]
[SourceQuality "1"]

1. e4 c6 2. d3 d5 3. exd5 cxd5 4. Nf3 Nc6 5. Be3 Nf6 6. Nbd2 Bg4 7. h3 Bh5 8. Be2 e6 9. a3 Be7 10. b4 0-0 11. Nb3 e5 12. b5 Bxf3 13. Bxf3 Na5 14. 0-0 Nxb3 15. cxb3 Qd7 16. a4 Rac8 17. Rc1 Rxc1 18. Qxc1 Rc8 19. Qb2 d4 20. Bg5 b6 21. Bxf6 Bxf6 22. Bg4 Qc7 23. Bxc8 Qxc8 24. Rc1 Qf5 25. Qc2 h6 26. Qc8+ Qxc8 27. Rxc8+ Kh7 28. Ra8 e4 29. dxe4 d3 30. Kf1 1-0

[Event "Titled Tuesday intern op 23rd Nov"]
[Site "Chess.com INT"]
[Date "2021.11.23"]
[Round "5"]
[White "Zherebtsova, Alexandra"]
[Black "Dorokhin, Mykhailo"]
[Result "0-1"]
[WhiteElo "2182"]
[BlackElo "2317"]
[PlyCount "92"]
[EventDate "2021.11.23"]
[EventType "swiss (blitz)"]
[EventRounds "11"]
[EventCountry "USA"]
[SourceTitle "CBM 205 Extra"]
[Source "ChessBase"]
[SourceDate "2022.01.31"]
[SourceVersion "1"]
[SourceVersionDate "2022.01.31"]
[SourceQuality "1"]

1. d4 d5 2. Nf3 c5 3. c4 cxd4 4. cxd5 Qxd5 5. Nc3 Qa5 6. Nxd4 a6 7. g3 Nf6 8. Bg2 Nbd7 9. 0-0 e6 10. a3 Be7 11. b4 Qd8 12. Bb2 0-0 13. Qb3 Qb6 14. Na4 Qa7 15. Rfd1 Nb6 16. Nc5 Nbd5 17. e4 Nc7 18. Rac1 Bd7 19. Nxd7 Nxd7 20. Rxc7 Rfd8 21. Rcc1 Qb6 22. b5 Nc5 23. Qa2 Na4 24. Ba1 axb5 25. Qb3 b4 26. axb4 Bxb4 27. Rb1 Bc5 28. Qxb6 Nxb6 29. Nb5 Rxd1+ 30. Rxd1 h6 31. Kf1 Ra2 32. Bd4 Bxd4 33. Nxd4 Nc4 34. e5 b5 35. Nxb5 Nxe5 36. Kg1 Ng4 37. Rf1 g6 38. h3 Nf6 39. Nd4 Rd2 40. Nf3 Rb2 41. Re1 h5 42. Bf1 Kg7 43. Ne5 Nd5 44. Nd3 Rd2 45. Ne5 Nb4 46. Bg2 Kf6 0-1

[Event "Titled Tuesday intern op 09th Nov"]
[Site "Chess.com INT"]
[Date "2021.11.09"]
[Round "2"]
[White "Dorokhin, Mykhailo"]
[Black "Elissalt Cardenas, Hector"]
[Result "1-0"]
[WhiteElo "2317"]
[BlackElo "2290"]
[PlyCount "89"]
[EventDate "2021.11.09"]
[EventType "swiss (blitz)"]
[EventRounds "11"]
[EventCountry "USA"]
[SourceTitle "CBM 205 Extra"]
[Source "ChessBase"]
[SourceDate "2022.01.31"]
[SourceVersion "1"]
[SourceVersionDate "2022.01.31"]
[SourceQuality "1"]

1. d4 d5 2. Nf3 Nf6 3. Bf4 e6 4. e3 Bd6 5. c3 0-0 6. Bd3 b6 7. 0-0 Bb7 8. Nbd2 Ne4 9. Rc1 Nd7 10. Qc2 f5 11. c4 Bxf4 12. exf4 c5 13. cxd5 exd5 14. Bb5 Ndf6 15. Ne5 a6 16. Be2 Rc8 17. f3 cxd4 18. Qd3 Qd6 19. Qxd4 Nxd2 20. Qxd2 Rc5 21. Bd3 g6 22. b4 Rxc1 23. Rxc1 Rc8 24. Rxc8+ Bxc8 25. a3 Kg7 26. Qc2 Bb7 27. Kf2 a5 28. Qb2 axb4 29. axb4 h5 30. Qd4 h4 31. g3 hxg3+ 32. hxg3 Qc7 33. Kg2 Qd6 34. Kh3 Qc7 35. Kh4 Qd8 36. Kh3 Qc7 37. g4 fxg4+ 38. fxg4 Bc8 39. Kh4 Qd8 40. g5 Qh8+ 41. Kg3 Qh3+ 42. Kf2 Qh2+ 43. Ke1 Qg3+ 44. Kd1 Ng4 45. Nxg4+ 1-0

[Event "Titled Tuesday intern op 09th Nov"]
[Site "Chess.com INT"]
[Date "2021.11.09"]
[Round "8"]
[White "Melikhov, Evgeny V"]
[Black "Dorokhin, Mykhailo"]
[Result "0-1"]
[WhiteElo "2292"]
[BlackElo "2317"]
[PlyCount "88"]
[EventDate "2021.11.09"]
[EventType "swiss (blitz)"]
[EventRounds "11"]
[EventCountry "USA"]
[SourceTitle "CBM 205 Extra"]
[Source "ChessBase"]
[SourceDate "2022.01.31"]
[SourceVersion "1"]
[SourceVersionDate "2022.01.31"]
[SourceQuality "1"]

1. d4 d5 2. c4 e6 3. Nc3 Nf6 4. cxd5 exd5 5. Bg5 c6 6. Qc2 g6 7. e3 h6 8. Bh4 Be7 9. Bd3 Nbd7 10. Nf3 Nf8 11. Ne5 Be6 12. 0-0 N6d7 13. Bxe7 Qxe7 14. f4 Nxe5 15. dxe5 0-0-0 16. Nb5 Kb8 17. Nd6 f5 18. b4 Rxd6 19. exd6 Qxd6 20. Qc3 Rg8 21. Rfc1 Nd7 22. a4 g5 23. Qd4 h5 24. a5 a6 25. fxg5 Rxg5 26. Qf4 Qxf4 27. exf4 Rg4 28. g3 Kc7 29. Kf2 h4 30. b5 axb5 31. Bxb5 Kd6 32. Be2 hxg3+ 33. hxg3 Rg8 34. a6 bxa6 35. Rxa6 Nc5 36. Rb6 Ne4+ 37. Ke1 Bd7 38. Rb3 Nxg3 39. Bf3 Ne4 40. Bxe4 fxe4 41. Kf2 d4 42. Rb6 Kd5 43. Rb7 e3+ 44. Kf3 Bg4+ 0-1

[Event "Titled Tuesday intern op 09th Nov"]
[Site "Chess.com INT"]
[Date "2021.11.09"]
[Round "1"]
[White "Thomas, Anysia"]
[Black "Dorokhin, Mykhailo"]
[Result "1-0"]
[WhiteElo "2152"]
[BlackElo "2317"]
[PlyCount "65"]
[EventDate "2021.11.09"]
[EventType "swiss (blitz)"]
[EventRounds "11"]
[EventCountry "USA"]
[SourceTitle "CBM 205 Extra"]
[Source "ChessBase"]
[SourceDate "2022.01.31"]
[SourceVersion "1"]
[SourceVersionDate "2022.01.31"]
[SourceQuality "1"]

1. e4 c6 2. Nf3 d5 3. Nc3 Bg4 4. d4 dxe4 5. Nxe4 Nf6 6. Nxf6+ gxf6 7. c3 e6 8. Be2 Bd6 9. h3 Bf5 10. Nh4 Bg6 11. Be3 Qc7 12. Qb3 Nd7 13. 0-0-0 0-0-0 14. Nxg6 hxg6 15. Bf3 g5 16. Kb1 Nf8 17. c4 Ng6 18. d5 exd5 19. cxd5 c5 20. Rc1 Kb8 21. Bxc5 Bxc5 22. d6 Qb6 23. Qxf7 Ne5 24. Qc7+ Ka8 25. Rxc5 Nxf3 26. gxf3 Qxd6 27. Rhc1 a6 28. Qa5 Rxh3 29. Ka1 Rxf3 30. Rc6 Qd3 31. Rc8+ Ka7 32. Qc5+ b6 33. Qc7# 1-0

[Event "Titled Tuesday intern op 26th Oct"]
[Site "Chess.com INT"]
[Date "2021.10.26"]
[Round "5"]
[White "Lehtosaari, Mauri"]
[Black "Dorokhin, Mykhailo"]
[Result "0-1"]
[WhiteElo "2199"]
[BlackElo "2310"]
[PlyCount "122"]
[EventDate "2021.10.26"]
[EventType "swiss (blitz)"]
[EventRounds "11"]
[EventCountry "USA"]
[SourceTitle "CBM 204 Extra"]
[Source "ChessBase"]
[SourceDate "2021.11.30"]
[SourceVersion "1"]
[SourceVersionDate "2021.11.30"]
[SourceQuality "1"]

1. d4 d5 2. Nf3 Nf6 3. Bg5 Ne4 4. Bf4 e6 5. Nbd2 c5 6. e3 Nc6 7. c3 Bd6 8. Bxd6 Qxd6 9. Bb5 a6 10. Bxc6+ bxc6 11. 0-0 Nxd2 12. Qxd2 a5 13. Rfe1 0-0 14. Rad1 Ba6 15. e4 Rfc8 16. e5 Qe7 17. h4 cxd4 18. cxd4 c5 19. dxc5 Rxc5 20. Nd4 Rac8 21. g3 Bc4 22. b3 Ba6 23. Rc1 Qc7 24. Rxc5 Qxc5 25. h5 h6 26. Qf4 Qb4 27. Rd1 a4 28. g4 axb3 29. axb3 Qe7 30. Ra1 Bd3 31. Qe3 Bh7 32. Nb5 Rb8 33. Nd6 f5 34. Ra4 fxg4 35. Rxg4 Bc2 36. Qxh6 Rxb3 37. Qg5 Qxg5 38. Rxg5 d4 39. h6 g6 40. Ne8 Kh7 41. Nf6+ Kxh6 42. Rg4 d3 43. Rd4 Rb5 44. f4 g5 45. fxg5+ Kxg5 46. Kf2 Kf5 47. Ng4 Rb1 48. Kf3 Bd1+ 49. Ke3 Bxg4 50. Rxd3 Kxe5 51. Ra3 Kf5 52. Ra8 Rb3+ 53. Kf2 e5 54. Rf8+ Ke4 55. Rg8 Bf5 56. Ra8 Rb2+ 57. Ke1 Ke3 58. Ra3+ Bd3 59. Ra1 e4 60. Kd1 Rh2 61. Kc1 Rh1+ 0-1

[Event "EU-ch Online U2300 Qual"]
[Site "Chess.com INT"]
[Date "2020.05.25"]
[Round "4"]
[White "Kanyamarala, Trisha"]
[Black "Dorokhin, Mykhailo"]
[Result "0-1"]
[WhiteElo "2193"]
[BlackElo "2299"]
[PlyCount "148"]
[EventDate "2020.05.25"]
[EventType "swiss"]
[EventRounds "8"]
[EventCountry "NET"]
[SourceTitle "EXT 2021"]
[Source "ChessBase"]
[SourceDate "2020.10.23"]
[SourceVersion "1"]
[SourceVersionDate "2020.10.23"]
[SourceQuality "1"]

1. d4 d5 2. c4 e6 3. Nc3 Nf6 4. cxd5 exd5 5. Bg5 c6 6. e3 Be7 7. Qc2 Nbd7 8. Bd3 Nf8 9. Nge2 Ne6 10. Bh4 g6 11. 0-0 Ng7 12. e4 dxe4 13. Bxe4 0-0 14. Bd3 Bf5 15. Rad1 Bxd3 16. Rxd3 Nf5 17. Bg5 Re8 18. Ng3 Ng7 19. Rfd1 Nd5 20. Nxd5 Qxd5 21. Be3 h5 22. Rb3 Rab8 23. Ne2 Nf5 24. Nf4 Nxe3 25. Rxe3 Qg5 26. Nh3 Qa5 27. Rde1 Kf8 28. Qe2 Qd8 29. Qf3 Qxd4 30. Nf4 Bf6 31. Re4 Rxe4 32. Rxe4 Re8 33. Rxe8+ Kxe8 34. h3 Qxb2 35. Qe4+ Qe5 36. Qb4 Be7 37. Qc4 Bd6 38. g3 h4 39. Nd3 Qa1+ 40. Kg2 hxg3 41. Qe4+ Kf8 42. fxg3 Qxa2+ 43. Kf3 Qd5 44. Qxd5 cxd5 45. g4 a5 46. Ke3 a4 47. Kd4 a3 48. Nc1 a2 49. Nxa2 Ke7 50. Kxd5 Bf4 51. Nc3 Bd2 52. Ne4 Be1 53. Ke5 b5 54. Kd5 b4 55. Kc4 Ke6 56. Ng5+ Kf6 57. Nf3 Bc3 58. h4 Ke6 59. Ng5+ Ke7 60. Nf3 f5 61. gxf5 gxf5 62. h5 Kf6 63. h6 f4 64. Nh4 Kg5 65. Ng2 f3 66. Ne3 Kxh6 67. Kd3 Kg5 68. Nd5 Kg4 69. Ke3 Be1 70. Nxb4 Bxb4 71. Kf2 Kf4 72. Kf1 Kg3 73. Kg1 f2+ 74. Kf1 Ba5 0-1

[Event "EU-ch Online U2300 Qual"]
[Site "Chess.com INT"]
[Date "2020.05.25"]
[Round "6"]
[White "Samaridis, Konstantinos"]
[Black "Dorokhin, Mykhailo"]
[Result "1/2-1/2"]
[WhiteElo "2105"]
[BlackElo "2299"]
[PlyCount "60"]
[EventDate "2020.05.25"]
[EventType "swiss"]
[EventRounds "8"]
[EventCountry "NET"]
[SourceTitle "EXT 2021"]
[Source "ChessBase"]
[SourceDate "2020.10.23"]
[SourceVersion "1"]
[SourceVersionDate "2020.10.23"]
[SourceQuality "1"]

1. e4 c6 2. Nc3 d5 3. Nf3 Bg4 4. h3 Bxf3 5. Qxf3 e6 6. Be2 Nf6 7. 0-0 Be7 8. Rd1 0-0 9. d4 b5 10. exd5 exd5 11. Bf4 Bd6 12. Bg5 Nbd7 13. Bd3 Qc7 14. Ne2 Rfe8 15. Re1 Ne4 16. Bh4 Ndf6 17. Bxf6 Nxf6 18. Ng3 Bf8 19. Re2 Rxe2 20. Nxe2 Re8 21. Ng3 a6 22. Qf5 Qd6 23. Nh5 Ne4 24. Ng3 Qb4 25. Nxe4 dxe4 26. Bxe4 g6 27. Qf3 Qxd4 28. Bxc6 Qxb2 29. Rd1 Re7 30. Qb3 Qxb3 1/2-1/2

[Event "EU-ch blitz"]
[Site "Tallinn"]
[Date "2019.12.07"]
[Round "12"]
[White "Babanin, Gleb"]
[Black "Dorokhin, Mykhailo"]
[Result "0-1"]
[WhiteElo "2201"]
[BlackElo "2364"]
[PlyCount "66"]
[EventDate "2019.12.07"]
[EventType "swiss (blitz)"]
[EventRounds "22"]
[EventCountry "EST"]
[SourceTitle "CBM 193 Extra"]
[Source "ChessBase"]
[SourceDate "2020.01.31"]
[SourceVersion "1"]
[SourceVersionDate "2020.01.31"]
[SourceQuality "1"]

1. e4 c6 2. Nc3 d5 3. Nf3 dxe4 4. Nxe4 Nf6 5. Nxf6+ gxf6 6. Bc4 Bf5 7. Qe2 e6 8. d4 Nd7 9. Nh4 Bg6 10. Be3 Be7 11. 0-0-0 Qc7 12. g3 Be4 13. Bf4 e5 14. Qxe4 exf4 15. Nf5 Nb6 16. Rhe1 Nxc4 17. Nxe7 Kf8 18. gxf4 Re8 19. Qd3 Nxb2 20. Kxb2 Rxe7 21. Qa3 Ke8 22. Rxe7+ Qxe7 23. Qxa7 Qb4+ 24. Kc1 Kd7 25. a3 Qb5 26. d5 c5 27. Rd3 c4 28. Re3 Rg8 29. Rg3 Rxg3 30. hxg3 c3 31. Qd4 Qf1+ 32. Qd1 Qxf2 33. Kb1 Qb6+ 0-1